A-Z Geography: containing "ox" - Statistics

General Stats
  • This quiz has been taken 9 times
  • The average score is 5 of 26
Answer Stats
Clue Place % Correct
B Gambling eyesore on Mississippi's Gulf coast (6) Biloxi
88%
O English city (6) Oxford
88%
F Famous secure gold vault, and army base, in Kentucky (8) Fort Knox
75%
K City in Tennessee (9) Knoxville
75%
L Suburb set back in the north/north-east of Los Angeles (6) Lennox
25%
A Pounding linebacker in Spanish municipality (5 letters) Albox
13%
C Astro-keyboardist Brian is weird, I heard, but has a market in Bangladesh (9) Cox's Bazar
13%
R Township which has its foundations put in the ground of New Jersey (7) Roxbury
13%
G Taiwanese town where boxing head is replaced by you (7) Guoxing
13%
M Angola's largest province, with a name similar to a country (6) Moxico
13%
S Ah, back in China, putting finishing touches on (8) Shaoxing
13%
T Former section of the Connecticut River which became cut off, forming a lake (8) The Oxbow
13%
U Staffordshire town with the same ending as a city in Devon (9) Uttoxeter
13%
V Trump loses weight at far end of town in suburb of Osnabrück (7) Voxtrup
13%
D Gansu town where I record split with DJ, first in a series with you, having one angry sample as an encore (13) Dijiasuoxiang
0%
E Length of Hidalgo rock core where Adolf, with no hesitation, leads to a final solution (12) Eloxochitlan
0%
H Town in Xinjiang but with no leader (5) Hoxut
0%
I Length of mass at Maltese locale; a thankyou, spot for a pilgrimage and Rebel MC term - that is, a chuckle (21) Il-Moxa ta' Għajn Tuffieħa
0%
J Imaginary number with one another in town of Taiwan (6) Jiaoxi
0%
N Litre pumped into sheep in North Chicago suburb (8) New Lenox
0%
P Brazilian place with biscuit factory on one side of town (7) Poxoreo
0%
Q River course in Botswana, probably with nothing flowing along it (5) Quoxo
0%
W With a wide margin for error, ray is fired into hot spot in Malta (8) Wied Ħoxt
0%
X Noughts & crosses played beside bed in the Mexican town (9) Xoxocotla
0%
Y Hey, look - there's nothing at the church, so it ends at the start of Lent (11) Yoloxóchitl
0%
Z Gotta laugh in Chinatown, at the middle of a triangle (9) Zhaoxiang
0%
No matching quizzes found
Score Distribution
Percent of People with Each Score
Percentile by Number Answered
Your Score History
You have not taken this quiz